000 01549cam a2200397 i 4500
999 _c116148
_d116148
001 17723683
003 BJBSDDR
005 20230411090752.0
006 a|||||r|||| 00| 0
007 ta
008 130422s2012 mx 100 0 spa
010 _a 2013398899
020 _a9786077638797
020 _a607763879X
035 _a(MxMxBFM)bm970165504
040 _aDLC
_beng
_cDLC
_erda
041 _aspa
042 _apcc
043 _an-mx---
050 1 4 _aLA 422
_bM611 2012
245 0 0 _aMéxico 2012 :
_bla reforma educativa /
_cEduardo Andere, Juan Delval, Roger Díaz de Cosío, Manuel Gil Antón, Julio César Gómez, Otto Granados Roldán, Miguel Limón, Carlos Mancera, Francisco Miranda López, Carlos Muñoz Izquierdo, Felipe Tirado, Manuel Ulloa, Pedro José Zepeda ; Gilberto Guevara Niebla (coordinador).
264 1 _aMéxico, D.F. :
_bCal y Arena,
_c2012.
300 _a192 pages ;
_c23 cm.
336 _atext
_2rdacontent
337 _aunmediated
_2rdamedia
338 _avolume
_2rdacarrier
440 0 _922203
_aBiblioteca de educación cívica y ética
500 _aPapers and comments from a conference held in 2012.
504 _aIncludes bibliographic references.
650 0 _aEducation
_zMexico
_vCongresses.
650 4 _aEducación
_zMéxico
_vCongresos, conferencias, etc.
_91877
700 1 _aGuevara Niebla, Gilberto,
_d1944-
_eeditor
_91591
906 _a7
_bcbc
_corigres
_d2
_encip
_f20
_gy-gencatlg
942 _2lcc
_cBK